000
00242nam a22000977a 4500
999
_c
529877
_d
529877
082
_a
530
_b
HAL
100
_a
Resnick, Halliday
245
_a
Fundamentals of Physics /
942
_2
ddc
_c
BK